000 00553nab#a2200193#c#4500
999 _c53383
_d53383
003 IEF
005 20191205182843.0
008 950704s1975 uuu|| #####0 b| |u
040 _aIEF
_cES-MaIEF
100 1 _aAlbi Ibáñez, Emilio
_9257
245 _aLa teoría económica y la descentralización fiscal
_c Emilio Albi Ibáñez
260 _c1975
500 _aConclusiones
650 4 _aDESCENTRALIZACION FISCAL
_942579
773 0 _tHacienda pública española
_w34570
_gn. 35, 1975;pags. 375-387
942 _2udc
942 _2udc